00421nam a2200157Ia 4500008004100000020001800041082001500059100002200074245004500096250000600141260002700147300001700174500002500191650002100216700002600237230524s9999 xx 000 0 und d a9788126551255 a681.2bDAR aWaltenegus Dargie 0aFundamentals of Wireless Sensor Networks a1 aNew Delhibwileyc2017 a"XIII,303p;" aQuantity Number: 50 aComputer Science aChristian Poellabauer